Aegyptiaca bononiensia /
محفوظ في:
مؤلفون آخرون:
التنسيق: كتاب
اللغة: Italian
منشور في:
Pisa :
Giardini,
1991-
سلاسل:
Monografie di SEAP. Series minor ;
2.
الموضوعات:
الوسوم: إضافة وسم
لا توجد وسوم, كن أول من يضع وسما على هذه التسجيلة!
رقم الطلب: DS41 .M48 v.2
| LEADER | 00815namaa2200253 4500 | ||
|---|---|---|---|
| 001 | 12422 | ||
| 003 | OSt | ||
| 005 | 20250327074804.0 | ||
| 008 | 190926m19919999it a b 000 0 ita d | ||
| 040 | |c ARCE Library | ||
| 043 | |a f-ua--- | ||
| 050 | 4 | |a DS41 .M48 v.2 | |
| 245 | 0 | 0 | |a Aegyptiaca bononiensia / |c a cura di Sergio Pernigotti. |
| 264 | 1 | |a Pisa : |b Giardini, |c 1991- | |
| 300 | |a volume <1> : |b illustrations ; |c 25 cm. | ||
| 490 | 0 | |a Monografie di SEAP. Series minor ; |v 2. | |
| 500 | |a Papers describing the Egyptian holdings of the Museo civico archeologico di Bologna. | ||
| 504 | |a Includes bibliographical references. | ||
| 610 | 2 | 0 | |a Museo civico archeologico di Bologna. |
| 651 | 0 | |a Egypt |x Antiquities. | |
| 700 | 1 | |a Pernigotti, Sergio. |9 37484 | |
| 901 | |a reviewed | ||
| 942 | |c BK |2 lcc | ||
| 999 | |c 10950 |d 10950 | ||
